Normal view MARC view

Entry Nombre personal

Number of records used in: 4

001 - NÚMERO DE CONTROL

  • campo de control: 133674

003 - IDENTIFICADOR DE NÚMERO DE CONTROL

  • campo de control: OSt

005 - FECHA Y HORA DE LA ÚLTIMA TRANSACCIÓN

  • campo de control: 20250928095404.0

008 - ELEMENTOS DE DATO DE LONGITUD-FIJA

  • campo de control de longitud fija: 080222 b azznnaaan n bnc d

040 ## - FUENTE DE CATALOGACIÓN

  • Centro catalogador/agencia de origen: OSt
  • Centro/agencia transcriptor: OSt

100 1# - ENCABEZAMIENTO-NOMBRE DE PERSONA

  • Nombre de persona: Vico y Bravo, Juan de Dios,
  • Fechas asociadas al nombre: 1845-1908

400 1# - TRAZADO DE VÉASE--NOMBRE DE PERSONA

  • Nombre de persona: Vico y Brabo, Juan de Dios (
  • Fechas asociadas al nombre: 1845-1908)

400 1# - TRAZADO DE VÉASE--NOMBRE DE PERSONA

  • Nombre de persona: Vico Bravo, Juan de Dios (
  • Fechas asociadas al nombre: 1845-1908)